Logo BPK

Biblioteka

Politechniki Koszalińskiej

Najnowsza historia świata 1945-1995 / (Rekord nr 31355)

Szczegóły MARC
000 -ETYKIETA REKORDU
podpole kontrolne o stałej długości 00876nam a2200241 i 4500
001 - NUMER KONTROLNY REKORDU
pole kontrolne bg
020 ## - MIĘDZYNARODOWY ZNORMALIZOWANY NUMER KSIĄŻKI - ISBN
ISBN 8308027172 (t. 2)
040 ## - ŹRÓDŁO KATALOGOWANIA
Instytucja, która utworzyła rekord BPK
041 0# - KOD JĘZYKA
Kod języka tekstu pl
080 ## - UNIWERSALNA KLASYFIKACJA DZIESIĘTNA - UKD
UKD 94"1945/..."
920 ## - Międzynarodowy znormalizowany numer książki – ISBN
ISBN 83-08-02717-2 (t. 2)
008 - POLE O STAŁEJ DŁUGOŚCI - DANE KONTROLNE
podpole kontrolne o stałej długości s pl f |000 0 pol
245 00 - TYTUŁ/ODPOWIEDZIALNOŚĆ
Tytuł Najnowsza historia świata 1945-1995 /
Pozostałe elementy strefy tytułu i oznaczenia odpowiedzialności pod red. Artura Patka, Jana Rydla, Janusza Józefa Węca ; [aut. Tadeusz Czekalski et al.
Oznaczenie części/sekcji dzieła T. 2,
Tytuł części/sekcji dzieła 1963-1979.
260 ## - STREFA ADRESU WYDAWNICZEGO
Miejsce wydania Kraków :
Nazwa wydawcy/dystrybutora Wydaw. Literackie,
Data publikacji, dystrybucji/powstania dokumentu 1997.
300 ## - STREFA OPISU FIZYCZNEGO
Objętość 245, [2] s. :
Inne cechy fizyczne mapy ;
Rozmiary 21 cm.
521 ## - UWAGA DOTYCZĄCA PRZEZNACZENIA CZYTELNICZEGO
Przeznaczenie czytelnicze Podręcznik do przedmiotu Historia powszechna XX w. w Instytucie Historii i Instytucie Nauk Politycznych UJ.
650 #9 - HASŁO PRZEDMIOTOWE W FORMIE NAZWY OGÓLNEJ LUB JEDNOSTKOWEJ
Nazwa ogólna lub geograficzna Historia
Określnik chronologiczny od 1945 r.
700 1# - HASŁO DODATKOWE - NAZWA OSOBOWA
Nazwa osobowa PATEK, Artur
Daty związane z nazwą (1965- ).
Określenie związku między hasłem a opisywanym materiałem Red.
700 1# - HASŁO DODATKOWE - NAZWA OSOBOWA
Nazwa osobowa RYDEL, Jan.
Określenie związku między hasłem a opisywanym materiałem Red.
700 1# - HASŁO DODATKOWE - NAZWA OSOBOWA
Nazwa osobowa WĘC, Janusz Józef
Daty związane z nazwą (1957- ).
Określenie związku między hasłem a opisywanym materiałem Red.
700 1# - HASŁO DODATKOWE - NAZWA OSOBOWA
Nazwa osobowa CZEKALSKI, Tadeusz.
856 ## - LOKALIZACJA I DOSTĘP DO ELEKTRONICZNYCH DOKUMENTÓW ZDALNYCH
Link (URL) http://koha.tu.koszalin.pl/cgi-bin/koha/opac-detail.pl?biblionumber=31355
Tekst linku Katalog online BPK
942 ## - DODATKOWE ELEMENTY (KOHA)
Typ dokumentu Książka
Egzemplarze
Wycofany Status egzemplarza Uszkodzony Dostępność Lokalizacja stała Lokalizacja bieżąca Miejsce przechowywania Sygnatura Kod kreskowy Typ dokumentu
      Tylko na miejscu Biblioteka Politechniki Koszalińskiej Biblioteka Politechniki Koszalińskiej Czytelnia Wydziałowa ul. Kwiatkowskiego 6e 38681 01219241 Książka
© 2023 Biblioteka Politechniki Koszalińskiej :: KOHA